| 000 | 00871nam a2200229 a 4500 | ||
|---|---|---|---|
| 001 | 000014609 | ||
| 005 | 20200929163856.0 | ||
| 008 | 100115s1994 pe 000 0bspa d | ||
| 020 | _a8483896044 | ||
| 040 |
_aDO-SdBNP _bspa _cBNPHU |
||
| 082 |
_a923.5 _bV822D |
||
| 100 | 1 |
_aDeustua Pimentel, Carlos, _d1929-1999 _933082 |
|
| 245 | 1 | 0 |
_aJuan Pablo Viscardo y Guzmán / _cCarlos Deustua Pimentel. |
| 260 |
_aLima, Perú : _bBrasa, _c1994. |
||
| 300 |
_a123, [4] p. ; _c21 cm. |
||
| 490 | 1 |
_aForjadores del perú _v4 |
|
| 600 | 1 | 4 |
_aVISCARDO Y GUZMÁN, JUAN PABLO, _d1748-1798 _xBIOGRAFÍAS _933083 |
| 600 | 1 | 4 |
_aVIZCARDO Y GUZMÁN, JUAN PABLO, _d1748-1798 _xCORRESPONDENCIA, MEMORIAS, ETC. _933084 |
| 650 | 4 |
_aAmérica latina _xHistoria _yGUERRAS DE INDEPENDENCIA, 1806-1830 _xEnsayos conferencias, etc. _933085 |
|
| 830 | 0 |
_aForjadores del perú ; _v4 _933080 |
|
| 049 | _aBNGR | ||
| 999 |
_c14194 _d14194 |
||